[Event "Scarborough CC Falling Leaves U2000"]
[Site "Toronto"]
[Date "2010.11.04"]
[Round "2"]
[White "Conte, Michael"]
[Black "Armstrong, Robert J"]
[Result "0-1"]
[WhiteElo "1856"]
[BlackElo "1794"]
[PlyCount "102"]
[EventDate "2010.10.28"]
[EventType "swiss"]
[EventRounds "7"]
[EventCountry "CAN"]
[SourceTitle "EXT 2022"]
[Source "ChessBase"]
[SourceDate "2021.10.06"]
[SourceVersion "1"]
[SourceVersionDate "2021.10.06"]
[SourceQuality "1"]

1. e4 g6 2. d4 Bg7 3. c4 d6 4. Nc3 Nf6 5. Nf3 0-0 6. Be2 Nc6 7. Be3 Ng4 8. Qd2 Nxe3 9. Qxe3 e5 10. dxe5 Nxe5 11. Nd4 Ng4 12. Bxg4 Bxg4 13. 0-0 Qd7 14. Nde2 Rae8 15. Rad1 Qc6 16. f3 Bc8 17. Qd3 Qb6+ 18. Kh1 f5 19. Rd2 fxe4 20. Nxe4 Bf5 21. N2g3 Kh8 22. b3 Qa5 23. Nxf5 Qxf5 24. Re1 Be5 25. Rde2 Qh5 26. g4 Qh4 27. Rg1 Rf4 28. Qe3 Ref8 29. Qf2 Qxf2 30. Nxf2 Rxf3 31. Kg2 Bxh2 32. Rh1 Be5 33. Ne4 R3f4 34. g5 Rg4+ 35. Kh3 Rgf4 36. Kg2 Rg4+ 37. Kh3 Rff4 38. Rhe1 Rh4+ 39. Kg2 Rfg4+ 40. Kf3 Rf4+ 41. Kg2 Rf5 42. Rh1 Rxh1 43. Kxh1 Kg7 44. Kg2 Bf4 45. Nf6 Rxg5+ 46. Kf3 Be5 47. Ne8+ Kg8 48. Nxc7 h5 49. Ne6 Rg3+ 50. Kf2 h4 51. b4 h3 0-1

[Event "Toronto Howard Ridout Swiss U2000"]
[Site "Toronto"]
[Date "2010.09.09"]
[Round "1"]
[White "Zotkin, Daniel"]
[Black "Conte, Michael"]
[Result "0-1"]
[WhiteElo "1643"]
[BlackElo "1830"]
[PlyCount "50"]
[EventDate "2010.09.09"]
[EventType "swiss"]
[EventRounds "6"]
[EventCountry "CAN"]
[SourceTitle "EXT 2022"]
[Source "ChessBase"]
[SourceDate "2021.10.06"]
[SourceVersion "1"]
[SourceVersionDate "2021.10.06"]
[SourceQuality "1"]

1. e4 c6 2. d4 d5 3. Nc3 dxe4 4. Nxe4 Bf5 5. Ng3 Bg6 6. h4 h6 7. f4 e6 8. Nf3 Be7 9. Bd3 Bxd3 10. Qxd3 Nd7 11. Bd2 Ngf6 12. 0-0-0 Qc7 13. Rhe1 Nd5 14. Ne5 Bxh4 15. Nxd7 Kxd7 16. Qf3 g6 17. Kb1 h5 18. c4 Ne7 19. Re5 Rad8 20. Bb4 Kc8 21. Qa3 Kb8 22. Ne4 Nf5 23. d5 exd5 24. cxd5 Rxd5 25. Rexd5 cxd5 0-1

[Event "Scarborough CC LH Summer op"]
[Site "Toronto"]
[Date "2010.05.20"]
[Round "3"]
[White "Radpey, Abdolreza"]
[Black "Conte, Michael"]
[Result "1-0"]
[WhiteElo "1587"]
[BlackElo "1907"]
[PlyCount "102"]
[EventDate "2010.04.29"]
[EventType "swiss"]
[EventRounds "8"]
[EventCountry "CAN"]
[SourceTitle "EXT 2022"]
[Source "ChessBase"]
[SourceDate "2021.10.06"]
[SourceVersion "1"]
[SourceVersionDate "2021.10.06"]
[SourceQuality "1"]

1. Nf3 d5 2. d4 Nf6 3. c4 c5 4. dxc5 Qa5+ 5. Nc3 dxc4 6. Qa4+ Qxa4 7. Nxa4 Nc6 8. a3 Bd7 9. Bf4 Nh5 10. Bg3 Nxg3 11. hxg3 e6 12. e3 Na5 13. Nc3 Bxc5 14. Ne5 b5 15. Nxd7 Kxd7 16. 0-0-0+ Kc6 17. Be2 Rab8 18. Bf3+ Kc7 19. Rh5 f5 20. g4 g6 21. Rhh1 b4 22. Na4 Be7 23. gxf5 gxf5 24. Rh6 bxa3 25. Rxe6 Bg5 26. bxa3 Rb3 27. Rd5 Nb7 28. Rxf5 Kd7 29. Bd5 Be7 30. Ra6 Rb8 31. Be6+ Ke8 32. Bf7+ Kd8 33. Rd5+ Kc7 34. Be6 Bd6 35. Rf5 Re8 36. Bd5 Bxa3+ 37. Kc2 Kb8 38. Bxc4 Rb4 39. Rf4 Rc8 40. Kd3 Rxa4 41. Rxa4 Nc5+ 42. Ke2 Nxa4 43. Ba6 Rc2+ 44. Kf3 Nc5 45. Rf8+ Kc7 46. Rf7+ Kd6 47. Be2 Ne6 48. Rxa7 Rc3 49. Ra6+ Ke7 50. Kg3 Rc2 51. Kf3 Kf6 1-0

[Event "Toronto Scarborough CC Frost op"]
[Site "Toronto"]
[Date "2010.01.07"]
[Round "1"]
[White "Conte, Michael"]
[Black "Yuan, Yuanling"]
[Result "0-1"]
[WhiteElo "1801"]
[BlackElo "2324"]
[PlyCount "65"]
[EventDate "2010.01.07"]
[EventType "swiss"]
[EventRounds "6"]
[EventCountry "CAN"]
[SourceTitle "EXT 2011"]
[Source "ChessBase"]
[SourceDate "2010.11.26"]
[SourceVersion "1"]
[SourceVersionDate "2010.11.26"]
[SourceQuality "1"]

1. e4 c5 2. Nf3 d6 3. d4 cxd4 4. Nxd4 Nf6 5. Nc3 g6 6. Be2 Bg7 7. 0-0 0-0 8. Be3 Nc6 9. Qd2 Re8 10. h3 a6 11. f4 Qc7 12. a4 Na5 13. Nf3 Be6 14. Nd4 Bc4 15. b3 Bxe2 16. Ndxe2 Rac8 17. Rac1 b6 18. Qe1 Qc6 19. Bd4 Nb7 20. Qf2 Nxe4 21. Nxe4 Qxe4 22. Bxg7 Kxg7 23. Ng3 Qb4 24. Qf3 Nd8 25. Qg4 Ne6 26. Kh2 Rc5 27. c3 Qxb3 28. f5 Rc4 29. Qe2 Nc7 30. Qf3 Rxa4 31. Ne4 gxf5 32. Qf4 fxe4 33. Qxf7+ 0-1

[Event "Toronto Scarborough CC Falling Leaves"]
[Site "Toronto"]
[Date "2009.12.03"]
[Round "5"]
[White "Mahoney, Ian"]
[Black "Conte, Michael"]
[Result "1-0"]
[WhiteElo "1494"]
[BlackElo "1802"]
[PlyCount "79"]
[EventDate "2009.11.05"]
[EventType "swiss"]
[EventRounds "7"]
[EventCountry "CAN"]
[SourceTitle "EXT 2011"]
[Source "ChessBase"]
[SourceDate "2010.11.26"]
[SourceVersion "1"]
[SourceVersionDate "2010.11.26"]
[SourceQuality "1"]

1. e4 c6 2. d4 d5 3. Nc3 dxe4 4. Nxe4 Bf5 5. Ng3 Bg6 6. N1e2 e6 7. h4 h6 8. Nf4 Bh7 9. Bc4 Nf6 10. 0-0 Be7 11. Re1 Bg8 12. c3 b5 13. Bb3 Nbd7 14. a4 Qb8 15. axb5 cxb5 16. Ngh5 Kf8 17. Nd3 a5 18. Bf4 Qb6 19. Qf3 Re8 20. Ne5 g6 21. Nxd7+ Nxd7 22. Rxe6 Qd8 23. Rxg6 Nf6 24. Bxh6+ Rxh6 25. Rxh6 Nxh5 26. Qxh5 Bf6 27. Qf3 Bg7 28. Ra6 a4 29. Bd5 Qxh4 30. Ra7 Bf6 31. Ra8 Rxa8 32. Bxa8 Bh7 33. Re1 Qh6 34. Bc6 b4 35. Bxa4 bxc3 36. bxc3 Qd2 37. Qe3 Bg5 38. Qxd2 Bxd2 39. Re8+ Kg7 40. c4 1-0

[Event "Toronto Scarborough CC Falling Leaves"]
[Site "Toronto"]
[Date "2009.11.12"]
[Round "2"]
[White "Conte, Michael"]
[Black "Lin, Tony"]
[Result "1-0"]
[WhiteElo "1802"]
[BlackElo "1652"]
[PlyCount "81"]
[EventDate "2009.11.05"]
[EventType "swiss"]
[EventRounds "7"]
[EventCountry "CAN"]
[SourceTitle "EXT 2011"]
[Source "ChessBase"]
[SourceDate "2010.11.26"]
[SourceVersion "1"]
[SourceVersionDate "2010.11.26"]
[SourceQuality "1"]

1. e4 e6 2. d4 d5 3. exd5 exd5 4. c4 c6 5. Nc3 Nf6 6. Bd3 Nbd7 7. Nge2 dxc4 8. Bxc4 b5 9. Bb3 g6 10. Bg5 a6 11. 0-0 Bg7 12. d5 c5 13. Ne4 Qb6 14. Nxf6+ Nxf6 15. Nc3 0-0 16. Re1 Bb7 17. Qd2 c4 18. Bc2 Rad8 19. Be3 Qc7 20. Bf4 Qd7 21. d6 Rfe8 22. h3 Nh5 23. Bh2 b4 24. Ne4 Bxe4 25. Rxe4 Bxb2 26. Rae1 Bc3 27. Rxe8+ Rxe8 28. Rxe8+ Qxe8 29. Qd1 Nf6 30. Bg3 h6 31. Ba4 Qd8 32. Qe2 Qa5 33. d7 Kg7 34. Qxc4 Nd5 35. Bb3 h5 36. Qxd5 Qa3 37. Qxf7+ Kh6 38. Bf4+ g5 39. Qe6+ Kg7 40. Bxg5 Qb2 41. Qg8# 1-0

[Event "Toronto Howard Ridout op"]
[Site "Toronto"]
[Date "2009.09.24"]
[Round "3"]
[White "Kurkowski, Ken"]
[Black "Conte, Michael"]
[Result "0-1"]
[WhiteElo "1690"]
[BlackElo "1840"]
[PlyCount "100"]
[EventDate "2009.09.10"]
[EventType "swiss"]
[EventRounds "8"]
[EventCountry "CAN"]
[SourceTitle "EXT 2011"]
[Source "ChessBase"]
[SourceDate "2010.11.26"]
[SourceVersion "1"]
[SourceVersionDate "2010.11.26"]
[SourceQuality "1"]

1. d4 c6 2. c4 d5 3. Nf3 Nf6 4. e3 Bg4 5. Be2 e6 6. 0-0 Bd6 7. Nc3 0-0 8. b3 Nbd7 9. Bb2 Rc8 10. Rc1 Re8 11. h3 Bh5 12. Re1 a6 13. Bd3 c5 14. cxd5 cxd4 15. exd4 Nxd5 16. Nxd5 exd5 17. g4 Bg6 18. Bxg6 hxg6 19. Ne5 Nf8 20. Qf3 Bxe5 21. dxe5 Qa5 22. a3 Rxc1 23. Rxc1 Ne6 24. Rd1 Rd8 25. Kg2 Qb5 26. Kg3 d4 27. Qd3 Qxe5+ 28. Kf3 Nc5 29. Qe2 Qd5+ 30. Kg3 Qxb3+ 31. f3 d3 32. Qe5 Ne6 33. Rd2 Rc8 34. f4 Rc2 35. Rxc2 dxc2+ 36. Kh4 g5+ 37. fxg5 Qf3 38. Qb8+ Kh7 39. Qe5 Qf2+ 40. Qg3 Qc5 41. Qd3+ Kg8 42. Qd2 b5 43. Bc1 Nd4 44. Qd3 Qc4 45. Qe4 Ne2 46. Qe8+ Kh7 47. Qe3 Nxc1 48. Qxc1 Qd3 49. Qf4 Kg6 50. Qc1 Qd1 0-1